Sports Quiz

Random Sports or College Quiz

College football's top 100 players Quiz Stats

 Plays Quiz not verified by Sporcle

Challenge
Share
Tweet
Embed
Score 0/100 Timer 16:00
0 Plays Today
School % Correct
GeorgiaHerschel Walker
81%
SMUDoak Walker
80.2%
Oklahoma StateBarry Sanders
79.8%
Florida StateDeion Sanders
79.6%
TexasVince Young
78.8%
USCReggie Bush
78.6%
SyracuseJim Brown
75.9%
Notre DameTim Brown
75.4%
TexasRicky Williams
75.3%
TennesseePeyton Manning
75.3%
Ole MissArchie Manning
75.1%
Grambling StateDoug Williams
74.8%
MichiganCharles Woodson
68.5%
PurdueRod Woodson
67.8%
FloridaTim Tebow
67.4%
Ohio StateArchie Griffin
66.3%
Mississippi Valley StateJerry Rice
65.9%
AuburnBo Jackson
65.8%
USCO.J. Simpson
65.4%
Michigan StateBubba Smith
65.3%
MinnesotaBruce Smith
65.2%
OklahomaKeith Jackson
65%
USCMatt Leinart
59.8%
StanfordJohn Elway
59.4%
USCMarcus Allen
57.3%
IllinoisRed Grange
56.3%
WisconsinRon Dayne
56.2%
USCCharles White
55.4%
MarylandRandy White
55.3%
PittsburghTony Dorsett
55.2%
CarlisleJim Thorpe
53.4%
TexasEarl Campbell
52.6%
SyracuseErnie Davis
51%
MarshallRandy Moss
50.8%
School % Correct
ArmyGlenn Davis
50.8%
MichiganDesmond Howard
50.7%
IllinoisDick Butkus
50.5%
North CarolinaLawrence Taylor
50.1%
Ohio StateOrlando Pace
49.7%
Boston CollegeDoug Flutie
48.6%
SMUEric Dickerson
41.1%
Jacksonville StateWalter Payton
40.9%
Florida StateCharlie Ward
40.9%
TCUSammy Baugh
39.4%
PittsburghHugh Green
38.1%
OklahomaBrian Bosworth
31.8%
TexasKenneth Sims
31.6%
NebraskaTommie Frazier
30.2%
USCRonnie Lott
29.4%
NebraskaJohnny Rodgers
28.6%
MichiganAnthony Carter
27.7%
MinnesotaBronko Nagurski
27.3%
BaylorMike Singletary
25.8%
PittsburghMike Ditka
24.6%
Notre DameRaghib Ismail
23.5%
BYUJim McMahon
22.3%
ArmyDoc Blanchard
21.2%
WashingtonSteve Emtman
20.8%
Notre DameLeon Hart
19.4%
AlabamaJohn Hannah
17.7%
TCUDavey O'Brien
17.3%
Ohio StateChris Spielman
16.1%
Notre DameGeorge Gipp
14.6%
PennsylvaniaChuck Bednarik
14.3%
MichiganTom Harmon
14.3%
ChicagoJay Berwanger
14%
OklahomaLee Roy Selmon
13.8%
Notre DameJohnny Lujack
9.8%
School % Correct
NebraskaDean Steinkuhler
9.6%
UCLAKenny Easley
9.4%
PittsburghBill Fralic
8.6%
Florida StateTerrell Buckley
8.5%
Ohio StateJack Tatum
8.4%
StanfordErnie Nevers
8.2%
Ohio StateJim Parker
7.8%
NebraskaDave Rimmington
7.7%
TexasTommy Nobis
7.6%
AlabamaLee Roy Jordan
7.1%
Florida A&MBob Hayes
6.6%
UCLAJerry Robinson
6.3%
WisconsinJamar Fletcher
6.2%
OklahomaJoe Washington
5.6%
Notre DameRoss Browner
5.2%
Notre DameJohnny Lattner
4.4%
MichiganDan Dierdorf
4%
Ohio StateJohn Hicks
3.6%
Ohio StateRandy Gradishar
3.6%
NebraskaRich Glover
3.5%
TulsaHoward Twilley
2.9%
PurdueLeroy Keyes
2.9%
North CarolinaCharlie Justice
2.9%
GeorgiaFrank Sinkwich
2.8%
Maryland StateArt Shell
2.7%
MichiganBenny Oosterbaan
2.1%
RutgersPaul Robeson
2%
Holy Cross/Notre DameGeorge Connor
1.9%
LSUTommy Casanova
1.9%
Penn StateTed Kwalick
1.8%
KentuckyBob Gain
0.9%
ArmyElmer Oliphant
0.7%

You're not logged in!

Compare scores with friends on all Sporcle quizzes.
OR
Log In

You Might Also Like...

Show Comments

Extras

Top Quizzes Today


Score Distribution

Your Account Isn't Verified!

In order to create a playlist on Sporcle, you need to verify the email address you used during registration. Go to your Sporcle Settings to finish the process.

Report this User

Report this user for behavior that violates our Community Guidelines.

Details: